Isla de Chipre - Test - Estadísticas

Estadísticas generales
  • Esta prueba ha sido intentada 7 veces
  • La puntuación promedio es 14 de 40
Estadísticas de respuestas
Hint Respuesta % Correcto
Países Chipre
100%
Continentes Asia
83%
Países no reconocidos Chipre Norte
83%
Continentes Europa
83%
Idiomas Griego
83%
Masas de agua que la rodean Mar Mediterráneo
83%
Capitales Nicosia
83%
Que pertenecen a... Reino Unido
83%
Idiomas Turco
83%
Que lo reconoce... Turquía
83%
Gentilicios Chipriota
67%
Idiomas Inglés
67%
Capitales Nicosia Norte
50%
Ocupaciones en el pasado Persas
50%
Ocupaciones en el pasado Romanos
50%
Ocupaciones en el pasado Asirios
33%
Ocupaciones en el pasado Británicos
33%
Ocupaciones en el pasado Otomanos
33%
Grupos internacionales Unión Europea
33%
Zona horaria +2
17%
Bases soberanas Acrotiri
17%
Bases soberanas Dhekelia
17%
Ocupaciones en el pasado Egipcios
17%
Punto más alto Monte Olimpo
17%
Grupos internacionales Banco mundial
0%
Ocupaciones en el pasado Bizantinos
0%
Grupos internacionales Consejo de Europa
0%
Ocupaciones en el pasado Cruzados
0%
Capitales Episkopí
0%
Grupos internacionales FMI
0%
Grupos internacionales Mancomunidad de naciones unidas
0%
Grupos internacionales OMC
0%
Grupos internacionales ONU
0%
Región Oriente próximo
0%
Grupos internacionales OSCE
0%
Rios más largos Pedieos
0%
Rios más largos Serakhis
0%
Grupos internacionales TÜRKSOY
0%
Ocupaciones en el pasado Venecianos
0%
Rios más largos Yialias
0%
No se encontraron pruebas coincidentes
Distribución de puntuación
Porcentaje de gente con cada puntuación
Porcentaje por número respondido
Historial de tus puntuaciones
No has intentado esta prueba.